Domestic air source heat pumps (Record no. 122132)

MARC details
000 -LEADER
fixed length control field 01187nam a22002177a 4500
008 - FIXED-LENGTH DATA ELEMENTS--GENERAL INFORMATION
fixed length control field 250401e20250331xxk|||||o|||| 00| 0 eng d
041 ## - LANGUAGE CODE
Language code of text/sound track or separate title eng
110 ## - MAIN ENTRY--CORPORATE NAME
Corporate author Royal Institution of Chartered Surveyors
245 ## - TITLE STATEMENT
Title Domestic air source heat pumps
Subtitle a consumer guide
Medium [Electronic resource]
260 ## - PUBLICATION INFORMATION
Place of publication London,
Publisher Royal Institution of Chartered Surveyors,
Date March 2025
490 ## - SERIES TITLE
Series statement RICS Consumer Guide
520 ## - ABSTRACT
Abstract With the push to change from fossil fuel based heating, RICS has produced a consumer guide with the help a couple of building services engineers at Historic England. Feel free to share with your clients for impartial advice on the topic. It emphasises the role of a surveyor taking a whole-house approach, not the specifics of building services, to educate and inform clients about how retrofit changes to buildings can be managed.
650 ## - KEYWORDS
Keywords ENERGY
650 ## - KEYWORDS
Keywords HEAT PUMPS
650 ## - KEYWORDS
Keywords RESIDENTIAL PROPERTY
651 ## - SUBJECT ADDED ENTRY--GEOGRAPHIC NAME
Geographic name United Kingdom
690 ## - BROAD SUBJECT
Broad subject Residential property
9 (RLIN) 6266
710 ## - ADDED CORPORATE NAME
Added corporate author Royal Institution of Chartered Surveyors
856 ## - ONLINE RESOURCE
Uniform Resource Identifier <a href="https://www.rics.org/consumer-guides/domestic-air-source-heat-pumps">https://www.rics.org/consumer-guides/domestic-air-source-heat-pumps</a>
Public note Available free on RICS.org
942 ## - ADDED ENTRY ELEMENTS (KOHA)
Suppress in OPAC Do not suppress in OPAC
Holdings
Lost status Damaged status Not for loan Current library Shelving location Date acquired Total Checkouts Full call number Date last seen Price effective from Koha item type
      Virtual Online 01/04/2025   ONLINE PUBLICATION 01/04/2025 01/04/2025 Online material